<?xml version="1.0" encoding="UTF-8"?>
<record
    xmlns:xsi="http://www.w3.org/2001/XMLSchema-instance"
    xsi:schemaLocation="http://www.loc.gov/MARC21/slim http://www.loc.gov/standards/marcxml/schema/MARC21slim.xsd"
    xmlns="http://www.loc.gov/MARC21/slim">

  <leader>02104cam a22002174a 4500</leader>
  <controlfield tag="001">12971988</controlfield>
  <controlfield tag="003">OSt</controlfield>
  <controlfield tag="005">20210414114506.0</controlfield>
  <controlfield tag="008">151002b        xxu||||| |||| 00| 0 eng d</controlfield>
  <datafield tag="020" ind1=" " ind2=" ">
    <subfield code="a">0766817121</subfield>
  </datafield>
  <datafield tag="040" ind1=" " ind2=" ">
    <subfield code="c">.</subfield>
  </datafield>
  <datafield tag="050" ind1="0" ind2="0">
    <subfield code="a">RC440.P7537 </subfield>
  </datafield>
  <datafield tag="100" ind1=" " ind2=" ">
    <subfield code="a">Antai-Otong, Deborah</subfield>
  </datafield>
  <datafield tag="245" ind1="0" ind2="0">
    <subfield code="a">Psychiatric nursing :</subfield>
    <subfield code="b">biological &amp; behavioral concepts. /</subfield>
    <subfield code="c">[edited by] Deborah Antai-Otong.</subfield>
  </datafield>
  <datafield tag="260" ind1=" " ind2=" ">
    <subfield code="a"> N.Y. :</subfield>
    <subfield code="b">Thomson/Delmar Learning,</subfield>
    <subfield code="c">c2003.</subfield>
  </datafield>
  <datafield tag="300" ind1=" " ind2=" ">
    <subfield code="a">xxix, 999, p. :</subfield>
    <subfield code="b">col. ill. ;</subfield>
    <subfield code="c">29 cm.</subfield>
  </datafield>
  <datafield tag="504" ind1=" " ind2=" ">
    <subfield code="a">Includes bibliographical references and index.</subfield>
  </datafield>
  <datafield tag="505" ind1=" " ind2=" ">
    <subfield code="a">Contents: History of psychiatric nursing -- Concepts of psychiatric care:therapeutic models -- Interfacing biological-behavioral concepts into psychiatric nursing practice -- Foundations of psychiatric nursing -- The nursing process -- Therapeutic communication -- Cultural and ethnic considerations -- Legal and considerations -- The client with a depressive disorder -- The Client with bipolar disorder -- The client with an anxiety disorders -- The client with a somatization  disorder -- The client with a stress-related disorder -- The client with schizophrenia and other psychotic disorders -- The client with a personality disorder -- The client with delirium,dementia,amnestic,and other cognitive disorder -- The client with attention-deficit disorder -- The client with dissociative disorder -- The client risk of suicidal and self-destructive behaviors -- The client with an eating disorder -- The client with a sleep disorder -- The client with a sexual disorder -- The client who survives violence -- Individual psychotherapy -- Group therapy -- Familial systems and family therapy -- Psychopharmacologic therapy -- Electroconvulsive and complementary therapies -- Crises intervention management: the role of adaption -- Milieu therapy/hospital-based care -- Home-and community-based -- Psychosocial care in medical-surgical settings -- Psychiatric consultation-liason nursing -- Psychiatric nursing research -- The future of psychiatric nursing </subfield>
  </datafield>
  <datafield tag="700" ind1="1" ind2=" ">
    <subfield code="a">Antai-Otong, Deborah.</subfield>
  </datafield>
  <datafield tag="942" ind1=" " ind2=" ">
    <subfield code="2">lcc</subfield>
    <subfield code="c">BK</subfield>
  </datafield>
  <datafield tag="999" ind1=" " ind2=" ">
    <subfield code="c">5772</subfield>
    <subfield code="d">13272</subfield>
  </datafield>
  <datafield tag="952" ind1=" " ind2=" ">
    <subfield code="0">0</subfield>
    <subfield code="1">0</subfield>
    <subfield code="2">lcc</subfield>
    <subfield code="4">0</subfield>
    <subfield code="7">0</subfield>
    <subfield code="8">NFIC</subfield>
    <subfield code="a">WIUC-1</subfield>
    <subfield code="b">WIUC-1</subfield>
    <subfield code="c">NURS L.</subfield>
    <subfield code="d">2015-10-05</subfield>
    <subfield code="l">0</subfield>
    <subfield code="o">RC440.P7537</subfield>
    <subfield code="p">NURS/22/15</subfield>
    <subfield code="r">2015-10-05 00:00:00</subfield>
    <subfield code="t">1</subfield>
    <subfield code="w">2015-10-05</subfield>
    <subfield code="y">BK</subfield>
  </datafield>
</record>
